00359nam a2200133Ia 4500008004100000022001400041041001200055082001600067245001300083260004600096440000900142520006100151650001300212240126s9999 xx 000 0 und d a0975-7708 aEnglish aLIBRARY-MBA 0aSamiksha bUnited Institute of ManagementaAllahabad aNULL aExchange of PES Business Review with the above publisher aSamiksha